[Event "45th Olympiad 2024"]
[Site "Budapest HUN"]
[Date "2024.09.16"]
[Round "6.42"]
[Board "4"]
[White "Chan, Wang Ip Boris"]
[Black "Zlatkov, Anton"]
[Result "0-1"]
[WhiteElo "2016"]
[BlackElo "2346"]
[PlyCount "142"]
[EventDate "2024.09.11"]
[WhiteTeam "Hong Kong, China"]
[BlackTeam "North Macedonia"]

1. e4 {Golod,Vitali} c5 2. Nf3 Nc6 3. d4 cxd4 4. Nxd4 Nf6 5. Nc3 e6 6. Nxc6 bxc6 7. e5 Nd5 8. Ne4 Bb7 9. c4 Nb4 10. Bg5 ({RR} 10. c5 Ba6 11. Bxa6 Nxa6 12. Qd4 ({RR} 12. O-O) 12... Be7 ({RR} 12... Rb8 13. Bd2 Be7 14. Rd1 ({RR} 14. Bc3 O-O 15. O-O Nc7 16. Ba5 Qc8 17. Nf6+ Bxf6 18. exf6 gxf6 19. Bxc7 Qxc7 20. Qxf6 Qd8) 14... O-O 15. Bc3 Rb7 16. O-O f5 17. exf6 Bxf6 18. Nxf6+ gxf6 19. Rd3) ({RR} 12... Qa5+ 13. Bd2 Qb5 14. b4 Be7 15. a4 ({RR} 15. a3) 15... Qb7 16. O-O O-O 17. Rab1) ({RR} 12... Nxc5 13. Nxc5 Qa5+ 14. b4) 13. O-O O-O ({RR} 13... Rb8 14. Bd2 O-O 15. Rad1 Nc7 16. Ba5 Qc8 17. Nf6+ Bxf6 18. exf6 Nd5 19. fxg7 Re8 20. Rd3 f6 21. Qh4 Re7 22. Bc3 e5 23. f4 exf4 24. Bxf6 Nxf6 25. Qxf6 Rf7 26. Qd4) 14. Rd1 f5 ({RR} 14... Rb8 15. a3 ({RR} 15. Qxd7 Nxc5 16. Nxc5 Bxc5) 15... f5 16. exf6 Bxf6 17. Qd3 ({RR} 17. Qxd7 Qxd7 18. Rxd7 Rfd8 19. Nxf6+ gxf6 20. Rxd8+ Rxd8 21. Be3) 17... Nc7 18. Qxd7 Be5 19. g3) 15. exf6 Bxf6 16. Qxd7 ({RR} 16. Qd3 Nb4 17. Qxd7 Qxd7 18. Rxd7 Rad8) 16... Qxd7 17. Rxd7 Rfd8 18. Nxf6+ ({RR} 18. Rxd8+ Rxd8 19. Nxf6+ gxf6 20. Be3 Nb4) ({RR} 18. Rd6 Nxc5) 18... gxf6 19. Rd6 ({RR} 19. Rxd8+) 19... Nxc5 20. Rxd8+ Rxd8 21. Be3 Na4 22. Rc1 ({RR} 22. b3 Nc3 23. Kf1 a6) 22... Nxb2 23. Kf1 Nd3 ({RR} 23... Rd6 24. Bxa7 Nd3 25. Rc4 e5 26. Bb8 Re6 27. a4) 24. Rxc6 Nb4 {½-½ Svidler,P (2725)-Malakhov,V (2670) RUS-chT 12th 2005 (7)}) ({RR} 10. c5 Qb8 11. f4 Ba6 12. Be2 Bxe2 13. Qxe2 Be7 14. O-O O-O 15. a3 Nd5 16. b4 a5 17. Bd2 f6 18. Nd6 Bxd6 19. exd6 Qa7 20. f5 exf5 21. Rab1 Rae8 22. Qd3 axb4 23. axb4 g6 24. Rfc1 Re5 {0-1 Kairbekova,A (2247)-Nguyen Hong Nhung (2077) WSCC Speed Play-In 1 2024 (3)}) 10... Qc7 11. f4 c5 12. Nc3 a6 $146 ({RR} 12... Nc6 13. Bd3 Nxe5 14. O-O Nxd3 15. Qxd3 Qc6 16. Rf2 f6 17. Bh4 Be7 18. f5 O-O 19. Re1 Bd6 20. Bg3 Bxg3 21. Qxg3 Kh8 22. h3 Rae8 23. Re4 exf5 24. Rh4 Kg8 25. Rxf5 Re3 26. Qf2 Re1+ 27. Kh2 {0-1 McCoy,O (2085)-Chigaev,M (2632) Titled Tue 14th Feb Early 2023 (2)}) 13. Qd2 d6 14. exd6 Qxd6 15. O-O-O Qxd2+ 16. Rxd2 f6 17. Bh4 Rd8 18. Rxd8+ Kxd8 19. Bf2 Kc7 20. Be3 Nc6 21. Bd3 Nd4 22. Be4 Ne2+ 23. Kd2 Nxc3 24. Bxb7 Kxb7 25. Kxc3 Bd6 26. Re1 Re8 27. Bd2 h5 28. a3 Kc6 29. b4 e5 30. fxe5 Bxe5+ 31. Kc2 Rd8 32. Bc3 Bxh2 33. Rh1 Bd6 34. Rxh5 Rb8 35. bxc5 Bxc5 36. g4 Re8 37. g5 Re2+ 38. Kd3 Re3+ 39. Kd2 Rf3 40. gxf6 gxf6 41. Rh6 Be7 42. Bb4 Bd8 43. Rh5 Bc7 44. Ke2 Rf4 45. Kd3 Be5 46. Be7 Rd4+ 47. Ke3 Kd7 48. Rh7 Ke6 49. Bb4 Rxc4 50. Kd3 Rd4+ 51. Kc2 Rd7 52. Rh8 Bd6 53. Bc3 Be5 54. Bb4 Kf5 55. Ra8 Rc7+ 56. Kd3 Rc6 57. Ke3 Bc3 58. Bf8 Kg4 59. Bh6 Re6+ 60. Kf2 Bd4+ 61. Kf1 Kf3 62. Rd8 Rb6 63. Ke1 Be3 64. Bxe3 Kxe3 65. Re8+ Kf4 66. Rc8 f5 67. Rc4+ Kg3 68. Rc3+ Kg4 69. Kf2 f4 70. Rd3 Rb2+ 71. Kf1 Ra2 0-1

[Event "45th Olympiad 2024"]
[Site "Budapest HUN"]
[Date "2024.09.16"]
[Round "6.43"]
[Board "1"]
[White "Tin, Jingyao"]
[Black "Ssegwanyi, Arthur"]
[Result "1-0"]
[WhiteElo "2580"]
[BlackElo "2365"]
[PlyCount "85"]
[EventDate "2024.09.11"]
[WhiteTeam "Singapore"]
[BlackTeam "Uganda"]
[WhiteTeamCountry "SIN"]
[BlackTeamCountry "UGA"]

1. d4 d5 2. c4 e6 3. Nc3 Nf6 4. cxd5 exd5 5. Bg5 c6 6. e3 Be7 7. Bd3 Nbd7 8. h3 O-O 9. Qc2 Re8 10. Bf4 Nf8 11. Nf3 Ng6 12. Bh2 Bd6 13. Bxd6 Qxd6 14. O-O-O Bd7 15. g4 ({RR} 15. Kb1 Rac8 16. g4 Qe7 17. Rhe1 c5 18. g5 Nh5 19. Nxd5 Qd6 20. dxc5 Rxc5 21. Bxg6 Rxc2 22. Nf6+ Nxf6 23. Rxd6 Rxf2 24. gxf6 hxg6 25. Rxd7 Rxf3 26. Rxb7 gxf6 27. Rxa7 f5 28. Rc1 Rfxe3 29. a4 f4 {½-½ Dreev,A (2651)-Akobian,V (2645) PRO League KO Stage rapid 2017 (2)}) 15... b5 ({RR} 15... Rac8 16. g5 Ne4 17. Nxe4 dxe4 18. Bxe4 Qe6 19. Ne5 c5 20. Nxd7 cxd4 21. Nc5 Qe7 22. exd4 b6 23. Bf5 Rc7 24. Rhe1 Qxg5+ 25. Kb1 Rxe1 26. Rxe1 Re7 27. Ne6 fxe6 28. Bxe6+ Kf8 29. d5 Qf6 30. Qc8+ {1-0 Koellner,R (2426)-Bharath,S (2517) 1st Munich Pfingst-Open A 2023 (8.4)}) 16. Kb1 Rab8 17. Nd2 $146 ({RR} 17. g5 b4 18. Na4 Ne4 19. Bxe4 dxe4 20. Nd2 Qd5 21. h4 Be6 22. b3 Qf5 23. Rdf1 Qg4 24. Kb2 Bd5 25. Rfg1 Qe2 26. Nc4 Bxc4 27. bxc4 Qf3 28. h5 Nf4 29. Nc5 Ne2 30. Rf1 Nc3 31. h6 g6 {0-1 Schmuecker,M (2249)-Mu,K (2431) Boeblinger op 35th 2018 (2)}) 17... c5 18. dxc5 Qxc5 19. g5 d4 20. gxf6 dxc3 21. Nb3 Qc7 22. fxg7 b4 23. Rhg1 Kxg7 24. Rg3 Bb5 25. f4 Bxd3 26. Rxd3 Rbc8 27. Nd4 Kf8 28. Rg1 Qb7 29. bxc3 Rxc3 30. Rxc3 bxc3+ 31. Ka1 Rxe3 32. Rb1 Qc7 33. f5 Ne5 34. f6 Rd3 35. Nc6 Rxh3 36. Qg2 c2 37. Rb8+ Qxb8 38. Qg7+ Ke8 39. Qg8+ Kd7 40. Nxb8+ Kc7 41. Na6+ Kb6 42. Kb2 Rc3 43. Qg1+ 1-0

[Event "45th Olympiad 2024"]
[Site "Budapest HUN"]
[Date "2024.09.16"]
[Round "6.43"]
[Board "2"]
[White "Egesa emmanuel"]
[Black "Siddharth, Jagadeesh"]
[Result "0-1"]
[WhiteElo "2128"]
[BlackElo "2514"]
[PlyCount "106"]
[EventDate "2024.09.11"]
[WhiteTeam "Uganda"]
[BlackTeam "Singapore"]
[WhiteTeamCountry "UGA"]
[BlackTeamCountry "SIN"]

1. d4 Nf6 2. Nf3 e6 3. Bf4 b6 4. e3 Bb7 5. Bd3 Be7 6. Nbd2 Nh5 7. Bg3 d6 8. Qe2 Nd7 ({RR} 8... a6 9. Be4 c6 10. Bd3 Nd7 11. c3 g6 12. O-O O-O 13. Bf4 Nxf4 14. exf4 Re8 15. Rfe1 Kg7 16. g3 h6 17. h4 Nf6 18. Ne4 c5 19. Rad1 Qc7 20. Nxf6 Bxf6 21. Be4 cxd4 22. Bxb7 Qxb7 23. Nxd4 {1-0 Matlakov,M (2691)-Meier,G (2632) Titled Tuesday intern op 1st Nov 10am blitz 2016 (7)}) 9. e4 c5 ({RR} 9... a6 10. c3 h6 11. e5 d5 12. Nh4 Nxg3 13. hxg3 Nf8 14. a4 c5 15. f4 Qc7 16. Qg4 g6 17. Ndf3 O-O-O 18. O-O Kb8 19. Ne1 cxd4 20. cxd4 f5 21. exf6 Bxf6 22. Nc2 Rg8 23. Nf3 h5 24. Qh3 {0-1 Radu,D (2159)-Lupulescu,C (2583) Cristina Foisor Mem Rapid 2024 (5.18)}) 10. c3 cxd4 11. Nxd4 $146 ({RR} 11. cxd4 a6 12. Nc4 Nf8 13. O-O b5 14. Ne3 Ng6 15. Qd2 O-O 16. Rac1 Qd7 17. Rc2 f5 18. exf5 exf5 19. Rfc1 Bd8 20. Bh4 Bxf3 21. Bxd8 Qxd8 22. gxf3 Nh4 23. Kh1 Nf4 24. Nxf5 Nxd3 25. Nh6+ gxh6 {0-1 Kovacevic,D (2087)-Paroski,S (2188) Gligoric Cup 3rd 2015 (4.5)}) ({RR} 11. cxd4 Rc8 12. O-O Nxg3 13. hxg3 O-O 14. Rac1 Rxc1 15. Rxc1 Qb8 16. Nb1 Rc8 17. Nc3 Bf6 18. Qe3 a6 19. a4 g6 20. g4 Bg7 21. g5 Qa7 22. Rd1 Qb8 23. Nh2 f6 24. Nf3 Qc7 25. Qe2 Ra8 {1-0 Karlik,V (2308)-Krejci,J (2253) CZE-chT1E 0809 2008 (7.4)}) 11... Nxg3 12. hxg3 h6 13. N2f3 O-O 14. O-O-O a6 15. Qe3 Ne5 16. Nxe5 dxe5 17. Nf3 Qc7 18. Rxh6 Qc5 19. Qd2 Rfd8 20. Rdh1 f6 21. Rh7 Bf8 22. Qe2 Kf7 23. g4 Qa5 24. Kb1 Qa4 25. Bc2 Qb5 26. c4 Qc5 27. g5 Rac8 28. gxf6 Kxf6 29. Bb3 b5 30. cxb5 Qxb5 31. Qe3 Qd3+ 32. Qxd3 Rxd3 33. R7h4 Bc5 34. Rf1 Bb6 35. Bc2 Rd6 36. Rh2 Rdc6 37. Bd3 Rd8 38. Bc2 a5 39. Rh5 Ba6 40. Rfh1 Rdc8 41. Rc1 Bd3 42. Ne1 Bxe4 43. Rh3 Bd4 44. a4 Bxf2 45. Rc3 Rxc3 46. bxc3 Bd5 47. Nd3 Bg3 48. Rf1+ Ke7 49. Kb2 g5 50. Nc1 Bf4 51. g4 Rb8+ 52. Nb3 e4 53. Ka3 e3 0-1

[Event "45th Olympiad 2024"]
[Site "Budapest HUN"]
[Date "2024.09.16"]
[Round "6.43"]
[Board "3"]
[White "Wong, Zhenyong Jayden"]
[Black "Nsubuga, Haruna"]
[Result "1-0"]
[WhiteElo "2397"]
[BlackElo "2243"]
[PlyCount "87"]
[EventDate "2024.09.11"]
[WhiteTeam "Singapore"]
[BlackTeam "Uganda"]
[WhiteTeamCountry "SIN"]
[BlackTeamCountry "UGA"]

1. d4 Nf6 2. c4 g6 3. Nc3 Bg7 4. e4 d6 5. f4 O-O 6. Nf3 c5 7. d5 e6 8. Be2 exd5 9. cxd5 Re8 10. e5 dxe5 11. fxe5 Ng4 12. e6 fxe6 13. d6 Ne5 14. O-O Nxf3+ 15. Bxf3 Bd4+ 16. Kh1 Qxd6 17. Ne4 Qe5 $146 ({RR} 17... Qc7 18. Bg5 Rf8 19. Rc1 Qb6 20. Be7 Nd7 21. Bxf8 Nxf8 22. Bg4 e5 23. Bxc8 Rxc8 24. Qf3 Qe6 25. Nf6+ Kh8 26. Qxb7 c4 27. Ne4 Rd8 28. Rf7 Bxb2 29. Ng5 Bxc1 30. Rxh7+ {1-0 Andrejic,V (2199)-Djukic,S (2199) Srebrno Jezero op-A 7th 2013 (3)}) ({RR} 17... Qc7 18. Bg4 Nc6 19. Bh6 Bd7 20. Qf3 Ne5 21. Nf6+ Kh8 22. Qg3 Rec8 23. Qh4 Bc6 24. Nh5 Nxg4 25. Qxg4 Bd5 26. Nf4 Bc4 27. Nxe6 Qd7 28. Qxd4+ cxd4 29. Bg7+ Kg8 30. Rf6 Bxe6 {0-1 Ivana Maria,F (2072)-Szente Varga,F (2015) Titled Tue 31st Oct Early 2023 (3)}) ({RR} 17... Qb6 18. Bg4 Nd7 19. Bh6 Bg7 20. Nd6 Rf8 21. Bxe6+ Kh8 22. Bxg7+ Kxg7 23. Rxf8 Nxf8 24. Bxc8 {1-0 Worobiej,D (1880)-Jarmula,P (2196) Mazowiec-chT 1213 2013 (3.15)}) ({RR} 17... Qb6 18. Bg5 Bd7 19. Nf6+ Bxf6 20. Bxf6 Bc6 21. Qd2 Nd7 22. Bc3 Re7 23. Bh5 e5 24. Be2 Kg7 25. Rad1 Bb5 26. Bxb5 Qxb5 27. Qg5 Rae8 28. Rfe1 Qc6 29. h4 Qf6 30. Qg3 Qf5 31. Rf1 Qh5 32. Rde1 {0-1 Jones,D (1937)-Blackburn,J (2217) South Wales op 16th 2019 (2)}) 18. Bg5 Nd7 19. Qd2 Qc7 20. Rac1 Qb6 21. b4 Qxb4 22. Qxb4 cxb4 23. Nd6 Rf8 24. Rfd1 e5 25. Be7 Rxf3 26. gxf3 Nb6 27. Nxc8 Nxc8 28. Bxb4 Nb6 29. Bc5 Bb2 30. Rc2 Na4 31. Be3 Bc3 32. Rd3 Ba5 33. Rb3 Nb6 34. Rb5 Be1 35. Bxb6 axb6 36. Rxb6 Ra7 37. Rcb2 Bc3 38. Rxb7 Ra5 39. Rc2 Rc5 40. a4 g5 41. a5 g4 42. fxg4 e4 43. a6 e3 44. a7 1-0

[Event "45th Olympiad 2024"]
[Site "Budapest HUN"]
[Date "2024.09.16"]
[Round "6.43"]
[Board "4"]
[White "Nyola Wasswa Mark"]
[Black "Goh, Wei Ming Kevin"]
[Result "0-1"]
[WhiteElo "2070"]
[BlackElo "2449"]
[PlyCount "66"]
[EventDate "2024.09.11"]
[WhiteTeam "Uganda"]
[BlackTeam "Singapore"]
[WhiteTeamCountry "UGA"]
[BlackTeamCountry "SIN"]

1. e4 c5 2. Nc3 a6 3. g3 b5 4. Bg2 Bb7 5. Nge2 Nf6 6. O-O e6 7. Re1 b4 8. Nd5 exd5 9. exd5 d6 10. Nd4+ Kd7 11. Nc6 $146 ({RR} 11. Nf3 Bxd5 12. c4 bxc3 13. bxc3 Nc6 14. c4 Bxf3 15. Qxf3 d5 16. Bb2 Bd6 17. cxd5 Na5 18. Bxf6 Qxf6 19. Qg4+ Kc7 20. Qa4 Nb7 21. Qc6+ Kb8 22. Rab1 Ra7 23. Re8+ Rxe8 24. Qxe8+ Kc7 25. Qc6+ Kb8 {0-1 Kazakov,K (2385)-Predke,A (2684) World Rapid 2022 (2.52)}) ({RR} 11. Nf3 Bxd5 12. c4 Bc6 13. d4 Kc8 14. d5 Bd7 15. a3 Be7 16. axb4 cxb4 17. c5 Bb5 18. Bf4 Ra7 19. Qc2 Kb7 20. Nd4 dxc5 21. d6+ Kb6 22. dxe7 Rxe7 23. Nb3 Nbd7 24. Bd6 Rxe1+ 25. Rxe1 Qc8 {0-1 Lopez Idarraga,D (2030)-Rosen,E (2361) Titled Tue 9th Jan Early 2024 (4)}) ({RR} 11. Nf3 Bxd5 12. c4 bxc3 13. dxc3 Kc8 14. c4 Bc6 15. b4 Nbd7 16. Bh3 Kc7 17. bxc5 Nxc5 18. Bd2 a5 19. Nd4 Be4 20. Bc3 Ra6 21. Nb3 Nxb3 22. axb3 d5 23. Rxa5 Qa8 24. Rb5 Qc6 25. Qd2 Bd6 {1-0 Yilmazyerli,M (2525)-Manafov,V (2349) 23rd ch-EUR Indiv 2023 (9.66)}) 11... Nxc6 12. dxc6+ Bxc6 13. c4 Bxg2 14. Kxg2 Qb6 15. d4 cxd4 16. Bg5 Re8 17. Rxe8 Kxe8 18. Qf3 Be7 19. Qa8+ Qd8 20. Qc6+ Kf8 21. Re1 h6 22. Bxf6 Bxf6 23. c5 dxc5 24. Qxc5+ Kg8 25. h4 Kh7 26. Qf5+ g6 27. Qd3 Re8 28. Rxe8 Qxe8 29. h5 Qe6 30. hxg6+ fxg6 31. b3 h5 32. Qf3 Bg7 33. Kh2 Qf5 0-1

[Event "45th Olympiad 2024"]
[Site "Budapest HUN"]
[Date "2024.09.16"]
[Round "6.44"]
[Board "1"]
[White "Wong, Jianwen"]
[Black "Cori, Jorge"]
[Result "0-1"]
[WhiteElo "2231"]
[BlackElo "2609"]
[PlyCount "64"]
[EventDate "2024.09.11"]
[WhiteTeam "Malaysia"]
[BlackTeam "Peru"]
[WhiteTeamCountry "MAS"]
[BlackTeamCountry "PER"]

1. c4 e5 2. e3 Nf6 3. Nc3 Bb4 4. Nge2 O-O 5. a3 Bxc3 6. Nxc3 b6 ({RR} 6... c6 7. d4 e4 8. d5 d6 9. dxc6 Nxc6 10. Be2 Be6 11. O-O Rc8 12. b3 Qe7 13. Ra2 Rfd8 14. Rd2 h5 15. Bb2 h4 16. Nb5 Ne8 17. Bg4 f5 18. Bh5 a6 19. Bxe8 axb5 20. Bxc6 bxc6 21. cxb5 {0-1 Kramnik,V (2810)-Caruana,F (2757) Zuerich Chess Challenge Blitz 2013 (6)}) 7. Be2 Bb7 8. O-O e4 $146 ({RR} 8... d5 9. cxd5 Nxd5 10. Bf3 c6 11. Qc2 Nd7 12. Rd1 N7f6 13. d4 Qe7 14. dxe5 Qxe5 15. Nxd5 Nxd5 16. Qe4 Rfe8 17. Qxe5 Rxe5 18. b4 Kf8 19. Bb2 Ree8 20. Rac1 Red8 21. h3 Rac8 22. Rc2 f6 23. Rcd2 {1-0 Kovalkova,N (1903)-Chuhachev,V Vladivostok op 2007 (4)}) ({RR} 8... d5 9. cxd5 Nxd5 10. Qc2 Nxc3 11. dxc3 e4 12. c4 Nd7 13. Rd1 Qe7 14. b3 Ne5 15. Bb2 Rae8 16. c5 Qg5 17. Bxe5 Rxe5 18. cxb6 cxb6 19. Rd7 Rc5 20. Qb2 Bc8 21. Rd4 Bh3 22. Bf1 Qg6 23. g3 {½-½ Tomaszewski,K (2313)-Savitha,S (2418) Norway Chess Open Masters 2023 (2.13)}) ({RR} 8... d5 9. cxd5 Nxd5 10. Qc2 Nxc3 11. Qxc3 Nd7 12. b4 Rc8 13. Bb2 c5 14. bxc5 Rxc5 15. Qb4 Qg5 16. f3 a5 17. Qb3 Bd5 18. Qa4 Bc6 19. Qd1 Rc8 20. Kh1 Bd5 21. e4 Be6 22. Rc1 Rxc1 23. Bxc1 {0-1 Vishnu,P (2493)-Atabayev,S (2425) Wch Blitz Moscow 2019 (13)}) ({RR} 8... d6 9. d3 Nbd7 10. b4 a5 11. Bb2 Qe7 12. Qd2 axb4 13. axb4 Rxa1 14. Rxa1 Ra8 15. Qd1 Qd8 16. Bf1 h6 17. h3 Nf8 18. Nb5 Ne6 19. d4 exd4 20. Nxd4 Nxd4 21. Qxd4 c5 22. bxc5 bxc5 23. Qh4 {1-0 Timofeev,A (2585)-Macovei,A (2453) Titled Tuesday intern op 27th Oct blitz 2020 (8)}) 9. f3 exf3 10. Bxf3 Bxf3 11. Qxf3 Nc6 12. Nd5 Nxd5 13. cxd5 Ne5 14. Qf5 Qe7 15. b3 Rae8 16. Bb2 Qd6 17. d4 Ng6 18. e4 Ne7 19. Qe5 f5 20. Rac1 fxe4 21. Rxf8+ Rxf8 22. Rxc7 Qh6 23. Qxe4 Qd2 24. h3 Qxb2 25. Rxd7 Qf2+ 26. Kh2 Ng6 27. Rxa7 Nh4 28. Kh1 Nf5 29. Qe5 h5 30. d6 h4 31. d7 Ng3+ 32. Kh2 Qg1+ 0-1

[Event "45th Olympiad 2024"]
[Site "Budapest HUN"]
[Date "2024.09.16"]
[Round "6.44"]
[Board "2"]
[White "Flores Quillas, Diego Saul Rodri"]
[Black "Ang, Ern Jie Anderson"]
[Result "1-0"]
[WhiteElo "2451"]
[BlackElo "2132"]
[PlyCount "149"]
[EventDate "2024.09.11"]
[WhiteTeam "Peru"]
[BlackTeam "Malaysia"]
[WhiteTeamCountry "PER"]
[BlackTeamCountry "MAS"]

1. e4 e5 2. Nf3 Nc6 3. Bb5 a6 4. Ba4 Nf6 5. d3 b5 6. Bb3 Be7 7. a4 b4 8. a5 d6 9. h3 O-O 10. O-O Rb8 11. Nbd2 Be6 12. Nc4 Nd7 $146 ({RR} 12... Qc8 13. Be3 h6 14. Nfd2 d5 15. exd5 Nxd5 16. Ba4 Qb7 17. Bxc6 Qxc6 18. Nxe5 Qb5 19. Nec4 Rfe8 20. Bd4 Rbd8 21. Qf3 c5 22. Be5 f6 23. Bg3 Bf8 24. Rfe1 Bf7 25. Ne4 Qd7 26. Nb6 Qb5 27. Nxd5 {0-1 Kevlishvili,R (2529)-Kravtsiv,M (2598) Titled Tue 25th Jul Early 2023 (7)}) ({RR} 12... Re8 13. Ng5 Nd4 14. Nxe6 Nxe6 15. Be3 c5 16. Nb6 Rf8 17. Bc4 Nc7 18. Qf3 Nd7 19. Nxd7 Qxd7 20. Qg3 Kh8 21. f4 exf4 22. Bxf4 Rbd8 23. Rf3 Bf6 24. e5 dxe5 25. Bxe5 Nd5 26. Bxa6 Bxe5 27. Qxe5 {1-0 Rodriguez Dominguez,M (2011)-Montejo Bello,L (1985) ch-CUB w 2024 (9.5)}) ({RR} 12... h6 13. Be3 Qc8 14. Nfd2 Rd8 15. Qe2 Bf8 16. Ba4 Qb7 17. c3 Ne7 18. Qf3 Ng6 19. Qg3 d5 20. exd5 Nxd5 21. Nxe5 Nxe5 22. Qxe5 Bd6 23. Qh5 bxc3 24. bxc3 Nxc3 25. Bc2 Qb2 26. Ba4 Be7 27. Bc6 {0-1 Rodriguez Hernandez,L (2346)-Perez Marimon,J (2076) Guillermo Garcia Memorial op 27th 2018 (1)}) ({RR} 12... Bxc4 13. Bxc4 Qc8 14. Qe2 Qb7 15. Bd2 h6 16. c3 bxc3 17. bxc3 Na7 18. Rfe1 Nb5 19. Nh4 Rfe8 20. Nf5 Bf8 21. Qf3 c6 22. Nxh6+ gxh6 23. Qxf6 Bg7 24. Qh4 Kh7 25. Ba2 Qe7 26. Qh5 Rf8 27. Rab1 {1-0 Balague Orduna,E (1924)-Vardanyan Asilbekyan,A (1157) Barcelona Sant Marti op-B 22nd 2022 (4)}) 13. Be3 Bf6 14. c3 Nc5 15. Bxc5 dxc5 16. Qc2 Qe7 17. Ncd2 Bxb3 18. Nxb3 Rfd8 19. Rfd1 Rb5 20. cxb4 Rdb8 21. Rdc1 Bg5 22. Nxg5 Qxg5 23. Nxc5 Nd4 24. Qd1 Qg6 25. Rc4 h5 26. Kh1 Rxb4 27. Nd7 Rxc4 28. Nxe5 Qf6 29. Nxc4 Qxf2 30. Qg1 Qxg1+ 31. Kxg1 Ne2+ 32. Kf2 Nf4 33. Ra3 Rd8 34. Ne5 f6 35. Nc6 Rd6 36. Nb4 c5 37. Nd5 Nxd5 38. exd5 Rxd5 39. Rb3 Rd4 40. Rc3 Rb4 41. Rxc5 Rxb2+ 42. Kf3 Rd2 43. Rd5 Kf7 44. Rd6 h4 45. Ke4 Rxg2 46. Rxa6 Rh2 47. Ra7+ Kg6 48. a6 Rxh3 49. Rxg7+ Kxg7 50. a7 Rg3 51. a8=Q h3 52. Qb8 Rg2 53. Ke3 Rg5 54. Qb7+ Kg6 55. Qe4+ f5 56. Qe8+ Kg7 57. d4 Rg2 58. Qh5 h2 59. Kf4 Rg4+ 60. Kxf5 Rxd4 61. Qxh2 Rd5+ 62. Ke4 Rg5 63. Qd6 Kf7 64. Kf4 Rg6 65. Qd5+ Kg7 66. Qe5+ Kf7 67. Kf5 Rg7 68. Qc5 Kg8 69. Qc8+ Kf7 70. Qd8 Rh7 71. Qd5+ Kg7 72. Kg5 Kh8 73. Qd8+ Kg7 74. Qe8 Rh8 75. Qe7+ 1-0

[Event "45th Olympiad 2024"]
[Site "Budapest HUN"]
[Date "2024.09.16"]
[Round "6.44"]
[Board "3"]
[White "Kavin Mohan"]
[Black "Fernandez Sanchez, Fernando Miguel"]
[Result "1/2-1/2"]
[WhiteElo "1997"]
[BlackElo "2399"]
[PlyCount "88"]
[EventDate "2024.09.11"]
[WhiteTeam "Malaysia"]
[BlackTeam "Peru"]
[WhiteTeamCountry "MAS"]
[BlackTeamCountry "PER"]

1. d4 Nf6 2. c4 e6 3. Nf3 d5 4. g3 Bb4+ 5. Bd2 Be7 6. Bg2 O-O 7. O-O Nbd7 8. Qc2 c6 9. Rc1 a5 10. b3 ({RR} 10. a3 b6 11. cxd5 cxd5 12. Bf4 Ba6 13. Nc3 Rc8 14. Qa4 Rc4 15. Qd1 b5 16. e3 Qb6 17. Bf1 Rc6 18. a4 b4 19. Nb5 Rfc8 20. Rxc6 Rxc6 21. Rc1 Ne8 22. h4 h6 23. h5 Bb7 24. Nd2 Ndf6 {1-0 Carlsen,M (2830)-Firouzja,A (2738) Chess.com Classic Div 1 W 2024 (4.3)}) 10... Ne4 ({RR} 10... b6 11. Bc3 Bb7 12. Nbd2 c5 13. Qb2 h6 14. Ne5 Nxe5 15. dxe5 Ne8 16. cxd5 exd5 17. Nc4 Rb8 18. Rd1 d4 19. Bxb7 Rxb7 20. Be1 Nc7 21. a4 Qd5 22. Qc2 f5 23. exf6 Bxf6 24. e4 Qe6 25. e5 {1-0 Nguyen Ngoc Truong Son (2633)-Drygalov,A (2475) Chessable Masters Play-In 2024 (9)}) 11. Be3 $146 ({RR} 11. Be1 f5 12. Nc3 Bf6 13. e3 Qe7 14. Rab1 h6 15. Ne2 Qf7 16. Nf4 g5 17. Nd3 Qg7 18. Nd2 h5 19. Nf1 Be7 20. Kh1 Qh6 21. f3 Nd6 22. Qe2 g4 23. Nf4 Bg5 24. Nd3 Qg7 25. Bc3 Nf6 {½-½ Bobadilla Viera,J (2388)-Mitkov,N (2459) Open IRT Sabaneta 2023 (7.3)}) ({RR} 11. Be1 f5 12. Nc3 Bd6 13. Rd1 Qe7 14. Nd2 Nxc3 15. Qxc3 b6 16. cxd5 cxd5 17. Nc4 Ba6 18. Nxd6 Qxd6 19. Qe3 Rfc8 20. Rdc1 Kf7 21. Bd2 h6 22. a4 Nf6 23. f3 Qd7 24. Bf1 Rxc1 25. Rxc1 Rc8 {½-½ Cramling,P (2479)-Hillarp Persson,T (2562) SWE-ch Eskilstuna 2019 (3)}) 11... a4 12. bxa4 Qa5 13. Ne5 Nd6 14. cxd5 exd5 15. Nc3 Nxe5 16. dxe5 Nc4 17. Bd4 Be6 18. e4 dxe4 19. Nxe4 Rfd8 20. Bc3 Qxa4 21. Qe2 Rd7 22. Qh5 h6 23. Bh3 Bxh3 24. Qxh3 Rd5 25. e6 f5 26. Bxg7 Kxg7 27. Nc3 Qa5 28. Nxd5 Qxd5 29. Rab1 b5 30. Qh5 Qxe6 31. Re1 Qf6 32. Re2 Bf8 33. Rbe1 Bb4 34. Re6 Qg5 35. Qxg5+ hxg5 36. Rd1 Nd2 37. Rxc6 Rxa2 38. Rdc1 Ne4 39. Rb1 Bc5 40. Rxb5 Bxf2+ 41. Kf1 Ra7 42. Rxf5 Bxg3 43. Re6 Bxh2 44. Rxe4 Rf7 1/2-1/2

[Event "45th Olympiad 2024"]
[Site "Budapest HUN"]
[Date "2024.09.16"]
[Round "6.44"]
[Board "4"]
[White "Delgado Romero, Marco"]
[Black "Azhar, Muhd Syakir Shazmeer"]
[Result "1-0"]
[WhiteElo "2390"]
[BlackElo "2086"]
[PlyCount "123"]
[EventDate "2024.09.11"]
[WhiteTeam "Peru"]
[BlackTeam "Malaysia"]
[WhiteTeamCountry "PER"]
[BlackTeamCountry "MAS"]

1. d4 Nf6 2. c4 g6 3. Nc3 Bg7 4. e4 d6 5. h3 O-O 6. Be3 e5 7. d5 Na6 8. g4 Nc5 9. f3 a5 10. Qd2 Ne8 11. h4 f5 12. g5 f4 ({RR} 12... Bd7 13. O-O-O a4 14. Nge2 Ra6 15. Kb1 Bh8 16. h5 f4 17. Bxc5 dxc5 18. Bh3 gxh5 19. Bxd7 Qxd7 20. Rxh5 Rg6 21. Rdh1 Nd6 22. Qd3 Rf7 23. Ng1 Rfg7 24. Nh3 Nf7 25. Nf2 Nxg5 26. Ng4 Nxf3 27. Nh6+ {1-0 Bazakutsa,S (2456)-Bates,R (2323) 4NCL 2023-24 (3.6)}) 13. Bf2 h5 $146 ({RR} 13... Bh8 14. Bh3 Ng7 15. Bxc5 dxc5 16. O-O-O Bxh3 17. Nxh3 Ne8 18. h5 Nd6 19. Qe2 Bg7 20. h6 Bh8 21. Nb5 Qd7 22. Nf2 b6 23. Kb1 Rfd8 24. Rdg1 Ra6 25. Nd1 Rda8 26. Ndc3 Qe7 27. Na3 Qd7 28. Qf1 {1-0 Elsness,F (2459)-Mihajlov,S (2384) NOR-ch Oslo 2021 (7)}) ({RR} 13... Bh8 14. Nge2 Ng7 15. Nc1 b6 16. Rg1 Nh5 17. Nd3 Nxd3+ 18. Bxd3 Bd7 19. b3 Rf7 20. a3 Qb8 21. Qd1 Qb7 22. Kd2 Rff8 23. Qc2 Ra7 24. Ra2 Rfa8 25. Rga1 Bg7 26. b4 axb4 27. axb4 Bf8 28. Rxa7 {½-½ Bosselmann,T (2061)-Haenselmann,H (1989) GER-chT Lands U20 2022 (5.3)}) 14. gxh6 Bxh6 15. O-O-O b6 16. Bh3 Nf6 17. Kb1 Kh7 18. Bxc8 Rxc8 19. Nh3 Ncd7 20. Rdg1 Nh5 21. Nb5 Rg8 22. b3 Qe7 23. Rg2 Ndf6 24. Kb2 Rg7 25. a3 Qd8 26. Qe2 Qd7 27. Ng5+ Bxg5 28. hxg5 Ne8 29. Na7 Ra8 30. Nc6 Kg8 31. Rgg1 Rh7 32. Qf1 Neg7 33. Qg2 Kf7 34. Qg4 Qc8 35. Ra1 Rh8 36. Rag1 Re8 37. Kc3 Kg8 38. Ra1 Kf7 39. b4 a4 40. b5 Rh8 41. Rag1 Re8 42. Qxc8 Rexc8 43. Nb4 Ke7 44. Na6 Rxa6 45. bxa6 Ra8 46. Kb4 Rxa6 47. Kb5 Ra7 48. Kc6 Kd8 49. Rb1 Kc8 50. Rb2 Ra6 51. Kb5 Kb7 52. Kb4 Ra8 53. Kc3 Kc8 54. Bxb6 cxb6 55. Rxb6 Ne8 56. c5 dxc5 57. Rxg6 Ng3 58. Rg8 Kb7 59. Rh7+ Ka6 60. Rhh8 Rb8 61. Rxe8 Rb3+ 62. Kc4 1-0